000 00536nam a2200169 i 4500
001 37608
003 ES-MaACL
005 20250712063122.0
007 t|
008 030221s1866 sp ||||1| spa d
100 1 _aCaballero, Fermín,
_d1800-1876
_933078
245 1 0 _aMemoria sobre algunas mejoras que pueden hacerse en la Instrucción primaria /
_cpor Fermín Caballero.
260 _aMadrid :
_b[s.n.,
_c1866] (
_fImp. Nacional)
300 _a40 p. ;
_c19 cm.
852 _aES-MaACL
_jT-1305-F-4
999 _c37608
_d37608